000 00237nam a22001097a 4500
041 _aENG
245 _aDrying Of Farm
260 _aAhmedagar
_bDepartment Of Agril Ang
_c1998
300 _a38
650 _aAPE ( 02 )
856 _uAPE ( 02 )
999 _c2862
_d2862